000 00915cam a22002531 4500
001 l 49000048
003 DLC
005 20260227111541.0
008 921102s1949 dcu f100 0 eng c
010 _al 49000048
035 _a(OCoLC)26897648
040 _aU.S. Dept. of Labor. Library
_cCLU
_dCLU
_dDLC
042 _apremarc
050 0 0 _aHD7260
_b.P67 1949d
111 2 _aPresident's Conference on Occupational Safety
_c(Washington, D.C.)
245 1 0 _aState safety conferences, a guide.
260 _a[Washington,
_bU.S. Govt. Print. Off.,
_c1949]
300 _aii, 11 p.
_c24 cm.
490 1 _aU.S. Bureau of Labor Standards. Bulletin,
_vno. 109
500 _aCover title.
500 _aIssued by the conference under its earlier name: President's Conference on Industrial Safety.
650 0 _aIndustrial safety
_vCongresses.
830 0 _aBulletin (United States. Bureau of Labor Standards) ;
_v109.
999 _c36646
_d36646